000 00274nam a22001217a 4500
008 170315b xxu||||| |||| 00| 0 eng d0721615627
041 _aeng
080 _23 ED
_a591
100 _a7
101 _aSHM
245 _aINVERTEBRATE ZOOLOGY
_cBARNES.R.D
942 _2udc
_cBK
999 _c7827
_d7827